00406nam a22001337a 4500010001200000020002600012037001900038082001100057100002500068245005800093260003700151270006100188300002300249 aBACEN26 c500.00a9789362877710 aVani Prakashan a822.33 aShakespeare, William aThe Tragedy of Juilus Caesar/cby William Shakespeare aNew Delhi bVani Prakashanc2024 a4695, 21-A, Ansari Road, Daryaganj, bNew Delhi e110002 a136p. c22cm (Hb)